| 000 | 01090nas a2200361 4500 | ||
|---|---|---|---|
| 001 | BR2014002896 | ||
| 003 | BR-BrBNA | ||
| 005 | 20231205124013.0 | ||
| 007 | ta | ||
| 008 | 230509b bl.|||p| |||| 00| 00por d | ||
| 040 |
_aBR-BrBNA _bpor _cBiblioteca Nacional de Agricultura |
||
| 041 | _a(Pt) | ||
| 072 | _aL02; Q70 | ||
| 100 | 1 | _aGomes, G.M.F. | |
| 100 | 1 | _aVasconcelos, A.M. | |
| 100 | 1 | _aEgito, A.S. | |
| 100 | 1 | _aLima, A.R. | |
| 100 | 1 | _aCarneiro, J.C. | |
| 100 | 1 | _aLandim, A.V. | |
| 100 | 1 | _aFonteles, N.L.O. | |
| 100 | 1 | _aSalles, H.O. | |
| 245 | 1 | _aDegradabilidade in situ do bagaço de cana-de-açúcar para pequenos ruminantes de raças naturalizadas do nordeste brasileiro | |
| 650 | _aCAPRINO | ||
| 650 | _aOVINO | ||
| 650 | _aCANA DE AÇÚCAR | ||
| 650 | _aBAGAÇO | ||
| 650 | _aNITROGÊNIO | ||
| 650 | _aDIETA | ||
| 650 | _aRUMEN | ||
| 773 | 0 |
_tArquivo Brasileiro de Medicina Veterinária e Zootecnia (Brazil) _xISSN 0102-0935 _g(Dec 2013), v. 65(6) p. 1792-1800 _wBR2014002896 |
|
| 909 |
_a202311 _bLúcia _c55 _dLúcia Elande |
||
| 942 |
_2AGRIS _n0 _cANA |
||
| 999 |
_c236853 _d236853 |
||